00890nam a22001697a 4500003000900000008004100009040007100050082001700121110003700138245009500175260005700270300002700327505029500354650002700649650003000676650001400706AR-CdUCM190321b ||||| |||| 00| 0 spa d aMUNICIPALIDAD PROVINCIAL DEL CUSCOcBIBLIOTECA MUNICIPAL DEL CUSCO a658.5 /bR35 aCentro Regional de ayuda tecnica aEl diseño es su negocio :bPreparado por especialistas tecnicos en industrias privadas / aMéxico :bCentro Regionl de ayuda Tecnica ,c1963. a62 páginas ;c23 cm. aContenido : ¿Que es el diseño? -- Estudio del diseño para la produccion -- Diseño para la venta -- Coordinacion de diseño y empaque -- El consultor en diseño -- ¿Todo hombre de empresa es sy propio diseñador? -- Lo esencial en una politica de diseño -- Para mayor estudio... aDiseño de Produccion aAdministracion de Empresa aMarketing